| 000 | 00882nam a2200229 a 4500 | ||
|---|---|---|---|
| 001 | 52786 | ||
| 005 | 20180714042753.0 | ||
| 008 | 140415s1989 mx r 000 0 spa d | ||
| 020 | _a9682314577 | ||
| 041 | _aspa | ||
| 082 | 0 |
_a325.8 _bLEA |
|
| 100 | 1 |
_aLeander, Birgitta, _ecoordinador |
|
| 245 | 1 | 0 |
_aEuropa, Asia y África en América Latina y el Caribe : _bmigraciones "libres" en los siglos XIX y XX y sus efectos culturales / _cBirgitta Leander (coordinador), Mario Margulis, Omar Martínez Legorreta (relatores). |
| 250 | _aPrimera edición | ||
| 264 | 1 |
_aMéxico : _bSiglo Veintiuno Editores, _c1989 |
|
| 300 |
_axii, 369 páginas ; _c23 cm. |
||
| 336 |
_atexto _2rdacontent |
||
| 337 |
_asin mediación _2rdamedia |
||
| 338 |
_avolumen _2rdacarrier |
||
| 490 | 0 | _a"El mundo en América Latina" | |
| 650 | 4 |
_aHispanoamérica _xEmigración e inmigración |
|
| 999 |
_c52786 _d52786 |
||